• 首页
  • 本馆介绍
  • 公告通知
  • 最新文献
  • 馆藏检索
  • 电子资源
  • 读者导购
  • 参考咨询
  • 我的图书馆
  • 登录
  • 详细信息显示
  • 放入我的书架
  • 预约/预借图书
  • 作者相关作品
  • 分类相关作品
  • 丛书相关作品
  • 出版社相关作品

书目信息

  • 表格格式
  • 工作单格式
  • 卡片格式
题名:
平面·色彩构成
    
 
作者: 王力强 , 文红 编著
分册:  
出版信息: 重庆   重庆大学出版社  2002
页数: 104页
开本: 29cm
丛书名: 高等院校艺术设计专业丛书
单 册:
中图分类: J06
科图分类:
主题词: 平面构成--高等学校 , 色彩学--高等学校
电子资源:
ISBN: 7-5624-2624-4
000 00901oam2 2200265 45
001 002182275
005 20050329142037.6
010    @a7-5624-2624-4@dCNY38.00
100    @a20021031d2002 em y0chiy0110 ea
101 0  @achi
102    @aCN@b500000
105    @aa z 000yy
200 1  @a平面·色彩构成@Aping mian · se cai gou cheng@f王力强,文红编著@FWang Li Qiang,Wen Hong Bian Zhu
210    @a重庆@c重庆大学出版社@d2002
215    @a104页@c图@d29cm
225 2  @a高等院校艺术设计专业丛书
330    @a本书分为平面构成和色彩构成两大部分,分别就平面构成和色彩构成的基本理论、构成形式及其构成方法,从教学的理论性和实用性等方面进行了详细论述。
410    @12001 @a高等院校艺术设计专业丛书
606 0  @a平面构成@x高等学校
606 0  @a色彩学@x高等学校
690    @aJ06@v4
701  0 @a王力强@4编著
701  0 @a文红@4编著
801  0 @aCN@bNLC@c20030526
905    @b346657-659@dJ06@e127@f3
    
    平面·色彩构成/王力强,文红编著.-重庆:重庆大学出版社,2002
    104页:图;29cm.-(高等院校艺术设计专业丛书)
    
    
    ISBN 7-5624-2624-4:CNY38.00
    本书分为平面构成和色彩构成两大部分,分别就平面构成和色彩构成的基本理论、构成形式及其构成方法,从教学的理论性和实用性等方面进行了详细论述。
●
相关链接 在E读中查询图书 在五车中查询图书 在当当中查询图书 在豆瓣中查询图书


正题名:平面·色彩构成     索取号:J06/127         预约/预借

序号 登录号 条形码 馆藏地/架位号 状态 备注
1 0346657   203466579   第一样本阅览室/ [索取号:J06/127] 在馆    
2 0346658   203466588   第一借阅区/ [索取号:J06/127] 在馆    
3 0346659   203466597   第一借阅区/ [索取号:J06/127] 在馆    
唐山师范学院图书馆 欢迎您!
大连网信软件有限公司© 版权所有